000 01582nem0a2200325 4500
001 RU\NLR\BIBL_A\022690619
005 20260129122010.0
010 _a978-5-98008-184-3
_9500
035 _a(NLR Aleph) 022690619
090 _a13533528
_c13533528
100 _a20251218d2024 m y0rusy50 ca
101 0 _arus
102 _aRU
120 _abya xx||
123 1 _aa
_b10500
200 1 _aЮжно-Сахалинск
_bКарты
_eКарта центральной части города
_fСост. и подгот. к изд. фил. "Дальневосточное АГП" АО "Роскартография" в 2023
_gРед.: О.А. Косинов
206 _a1:10 500, 105 м в 1 см
210 _aХабаровск
_c"Роскартография" Дальневосточное АГП
_d2024
215 _a1 к.
_cцв., текст, ил.
_d40х60 см, слож. 20х11 см
327 1 _aДоп. карта: Сахалинская область.-1:3 000 000
509 0 1 _7ca
_aЮжно-Сахалинск,
_hгород
_92633561
_3RU\NLR\auth_crt\55385
509 0 1 _7ca
_aСахалинская область
_92633778
_3RU\NLR\auth_crt\55606
607 _aЮжно-Сахалинск, город (Сахалинская область)
_91613269
_3RU\NLR\AUTH\661009489
607 _aСахалинская область
_91398358
_3RU\NLR\AUTH\66275635
608 _aПланы городов
_91238803
_3RU\NLR\AUTH\66188402
702 1 _aКосинов
_bО.А.
_4340
852 _aNLR
_bК
_j4-План 2/3052
_m25-10
942 _cMAP
980 _aNB